=LDR 00000nam 2200000 4500 =001 INLIS000000000016267 =005 20130612111533 =008 ***********************************Ind** =035 ##$$0010-061300000016267 =041 ##$$a Ind =082 ##$$a 006.4 =090 ##$$a 006.4, Kin b =100 ##$$a Kinkoph, Sherry =245 ##$$a Berhitung dengan komputer, Sherry Kinkoph ; alih bahasa, Dian Pramesti =260 ##$$a 1993 $b Jakarta =300 ##$$a vi, 32 hlm., ilus, 23 cm =650 ##$$a Komputer =650 ##$$a Pengenalan =700 ##$$a Paramesti, Dian =850 ##$$a NBPNMAT